| 000 | 01080nam a22002777a 4500 | ||
|---|---|---|---|
| 003 | CHAP | ||
| 005 | 20220329140648.0 | ||
| 008 | 971013s1910 r 00010 d | ||
| 010 | _a55606 | ||
| 011 | _a56578 | ||
| 035 | _a60731 | ||
| 040 | _cCHAP | ||
| 082 |
_a972.6 _bA1 1909 |
||
| 100 | 0 | 0 |
_aYucatán. Gobernador. _9123329 |
| 245 | _aMensaje leído por el gobernador interino del estado, C. Enrique Muñoz Aristegui ante el Congreso Local el día 1o. de enerp de 1910, al inaugurar la mencionada Cámara su actual período de sesiones ordinarias, y contestación del presidente del expre | ||
| 260 |
_aMérida : _bImprenta de la "Escuela Correcional de Artes y Oficios", _c1910 |
||
| 300 | _a69 p. | ||
| 590 |
_aBATCH-UPD _b10 _c20130110 _lUCH01 _h0742 |
||
| 590 |
_aBATCH-UPD _b10 _c20130410 _lUCH01 _h0423 |
||
| 590 |
_aBATCH-UPD _b10 _c20130914 _lUCH01 _h2111 |
||
| 590 |
_aCONVERSION _b10 _c20130109 _lUCH01 _h1330 |
||
| 650 | 1 | 4 |
_aYucatán _xPolítica y gobierno. _9123327 |
| 901 | _aBK | ||
| 942 | _cLIBRO | ||
| 949 |
_a972.6 A1 1909 _bBC _cBPP _d-130714 _eBPP _h25887 _i60731 _si |
||
| 999 |
_c55606 _d55606 |
||